V trobada de creadors locals Caldes d'Estrac amb CastelFranco Di Sopra : obres i actes : del 20 al 28 de novembre de 2004 obres i actes :
Descripción Física:
62 p. : il., col., fotografies ; 24 cm
MARC
| LEADER | 00000nam a2200000Ia 4500 | ||
|---|---|---|---|
| 001 | 16839 | ||
| 008 | 160829s2005 xx 000 0 cat d | ||
| 080 | |a B-2-75 | ||
| 100 | |a Trobada de Creadors Locals (5a : 2004 : Caldes d'Estrac) |9 25514 | ||
| 245 | |a V trobada de creadors locals Caldes d'Estrac amb CastelFranco Di Sopra : |b obres i actes : |b del 20 al 28 de novembre de 2004 | ||
| 260 | |a Caldes d'Estrac : |b Ajuntament de Caldes d'Estrac, |c 2005 | ||
| 300 | |a 62 p. : |b il., col., fotografies ; |c 24 cm | ||
| 590 | |a Amb la col·laboració de: Diputació de Barcelona | ||
| 650 | 0 | |a Art modern |y S. XX |v Exposicions |9 25515 | |
| 650 | |a Poesia |9 45090 | ||
| 650 | |a Escultures |x Exposicions I |9 25517 | ||
| 650 | |a Fotografia |x Exposicions |9 28960 | ||
| 710 | 1 | |a Caldes d'Estrac (Catalunya). |b Ajuntament |9 53948 | |
| 710 | 1 | |a Barcelona (Catalunya : Província). |b Diputació |9 52408 | |
| 901 | |a Arxiu | ||
| 942 | |n 1 | ||
| 952 | |0 0 |1 0 |4 0 |6 B275 |7 1 |9 43655 |a Arxiu |b Arxiu |d 2016-12-01 |l 0 |o B-2-75 |p 16839 |r 2016-12-01 00:00:00 |w 2016-12-01 |y ARXIU | ||
| 999 | |c 46203 |d 46203 | ||